Reliez le personnage joué par Johnny Depp à son film - Statistiques

Statistiques générales
  • Ce quiz a été pris 764 fois
  • Le résultat moyen est 7 sur 12
Statistiques - réponses
Hint Réponse % Correct
Willy Wonka Charlie et la Chocolaterie
97%
Jack Sparrow Pirates des Caraïbes
97%
Le Chapelier Fou Alice au Pays des Merveilles
94%
Edward Edward aux mains d'argent
92%
Gellert Grindelwald Les Animaux Fantastiques
81%
Barnabas Collins Dark Shadows
44%
Tom Hanson 21 Jump Street
35%
Ichabod Crane Sleepy Hollow
35%
Raoul Duke Las Vegas Parano
30%
Ratchett Le Crime de l’Orient-Express
28%
James Matthew Barrie Neverland
27%
Glen Lantz Les Griffes de la Nuit
14%
Aucun quiz correspondant
Distribution des résultats
% des personnes avec chaque résultat
Percentile par nombre de réponses
Votre historique - résultats
Vous n’avez pas pris ce quiz